000 00545nam a2200193Ia 4500
005 20250508165140.0
008 008 250505s9999 xx 000 0 eng d
037 _aTextBook
040 _aFEDL
_beng
_cFEDL
041 _aeng
_2eng
084 _a370.115, GIR/R
_qFEDL
100 _aGiroux Henry A
_9141269
245 0 _aOn critical pedagogy
260 _aLondon, UK
_bContinuum International Publishing Group
_c2011
300 _av,183p.
365 _aGBP
_b14.99
942 _cTB
_h370.115, GIR/R
999 _c1393429
_d1393429